000 01653cam a2200385 i 4500
001 25444
003 Mx-PuUPA
005 20260219110522.0
008 140415s1994 sp gr 000 0cspa d
017 _aB.7.532-1994
020 _a8472234290
040 _aMx-PuUPA
_bspa
_cMx-PuUPA
_dMx-PuUPA
_erda
041 1 _aspa
_heng
043 _an-us---
100 1 0 _aGlashow, Sheldon L.,
_d1932-
_eautor
_917852
240 1 0 _aInteractions. A Journey through the mind of a particle physicist and the matter of this world.
_lEspañol
245 1 0 _aInteracciones :
_buna visión del mundo desde el <<encanto>> de los átomos /
_cSheldon L. Glashow ; con la colaboración de Ben Bova ; traducción, Antonio-Prometeo Moya
250 _a1a. edición /
_bmayo
264 1 _aBarcelona, España :
_bTusquets Editores,
_c1994
300 _a397 páginas :
_bdiagramas ;
_c20 cm
336 _2rdacontent
_atexto
_btxt
337 _2rdamedia
_asin medio
_bn
338 _2rdacarrier
_avolumen
_bnc
490 0 _aColección Matatemas Libros para pensar la ciencia ;
_v34
600 1 0 _aGlashow, Sheldon L.,
_d1932-
_917852
650 7 _913986
_2armarc
_aFísica nuclear
_xObras de divulgación
650 7 _2armarc
_aFísicos
_zEstados Unidos
_vBiografía
650 7 _2armarc
_aMateria nuclear
_vObra de divulgación científica
700 1 _aBova, Ben de,
_ecolaborador
700 1 _aPrometeo Moya, Antonio,
_etraductor
765 0 _aGlashow, Sheldon L., 1932-
_tInteractions. A Journey through the mind of a particle physicist and the matter of this world.
942 _2ddc
_cLI
_h539.7
_iG5418
999 _c25444
_d25444